000 00385 a2200097 4500
999 _c18907
_d18907
003 WA 310
005 20180201095623.0
008 180201s1984 pl f u |000 0 pol d
040 _aWA 310/bw
_cWA 310/bw
245 0 0 _aElementy urządzeń mikrofalowych - Kołnierze typu E złączy falowodów prostokątnych normalnych Główne wymiary PN-84/T-80305 /
_cMin. Przem. Maszynowego.
246 1 3 _aPN-84/T-80305
246 1 3 _a621.372.822
260 _aWarszawa :
_bMin. Przem. Maszynowego,
_c1984.
300 _a2 strony ;
_c30 cm.
650 _aPolska norma
942 _2ddc
_cBK